Central Library OPAC University of Rajshahi

Reference assistance to Indian readers: (Record no. 724)

MARC details
000 -LEADER
fixed length control field 00818nam a22002531 4500
001 - CONTROL NUMBER
control field 724
003 - CONTROL NUMBER IDENTIFIER
rucl marc code BD-RjUL
005 - DATE AND TIME OF LATEST TRANSACTION
control field 20211208233225.0
008 - FIXED-LENGTH DATA ELEMENTS--GENERAL INFORMATION
fixed length control field 131123s1940 ii 000 0 eng d
035 ## - SYSTEM CONTROL NUMBER
System control number (OCoLC)ocm17778747
System control number (BD-RjUL)744
040 ## - CATALOGING SOURCE
Original cataloging agency IXA
Transcribing agency IXA
Modifying agency BD-RjUL
Language of cataloging eng
041 ## - LANGUAGE CODE
Language code of text/sound track or separate title eng
082 ## - DEWEY DECIMAL CLASSIFICATION NUMBER
Edition number 21
Classification number 027.69
Author mark and year ELR 1940
099 ## - LOCAL FREE-TEXT CALL NUMBER (OCLC)
Bangla Class number 016
-- EL1
100 1# - MAIN ENTRY--PERSONAL NAME
Personal name Elahi, Fazal.
9 (RLIN) 2153
245 10 - TITLE STATEMENT
Title Reference assistance to Indian readers:
Remainder of title a text book for librarians /
Statement of responsibility, etc. by Fazal Elahi ... with an introduction by Prof. Dr. Radhakamal Mukerjee ...
260 ## - PUBLICATION, DISTRIBUTION, ETC. (IMPRINT)
Place of publication, distribution, etc. [Lucknow :
Name of publisher, distributor, etc. Printed by B.R. Bhatia],
Date of publication, distribution, etc. 1940.
300 ## - PHYSICAL DESCRIPTION
Pagination xii, 166 (i.e. 167) p. ;
Size 18 cm.
500 ## - GENERAL NOTE
General note "First edition, 1940."
650 #0 - SUBJECT ADDED ENTRY--TOPICAL TERM
Topical term or geographic name as entry element Reference services (Libraries)
9 (RLIN) 2154
Topical term or geographic name as entry element Reference books.
9 (RLIN) 2155
942 ## - ADDED ENTRY ELEMENTS (KOHA)
Source of classification or shelving scheme Dewey Decimal Classification
Koha item type Books
Holdings
Lost status Source of classification or shelving scheme Damaged status Not for loan Collection code Permanent Location Current Location Shelving location Date acquired Source of acquisition Cost, normal purchase price Total Checkouts Full call number Date last seen Copy number Koha item type
  Dewey Decimal Classification     Non-fiction Central Library, University of Rajshahi Central Library, University of Rajshahi   19/09/1955 B.H Black well 6.00   027.69 ELR 1940 23/11/2013 C-2 Books